000 00521nam a2200181Ia 4500
008 240925s9999 xx 000 0 und d
020 _a139738193
082 _a005.8 STA
100 _aStallings, William
245 0 _aCryptography and Network Security: principles and practice
250 _a2nd
260 _aNew Delhi:
_bPrentice Hall
_c,1999.
300 _ax,638p.
_bNA
_fPirated
500 _aIncludes Index
600 _aComputer Science
650 _aComputer science, information & general works
942 _cBK
999 _c7051
_d7051